000
00330nam a2200133Ia 4500
008
220204s9999 xx 000 0 und d
082
_a
347.7
_b
MAH
100
_a
MAHESHWARI, R P
245
0
_a
Company law
260
_a
Delhi
_b
National Publishing house
_c
1978
650
_a
Company law
700
_a
MAHESHWARI, S N
942
_c
BK
999
_c
29492
_d
29492